书目信息 |
| 题名: |
光荣与梦想
|
|
| 作者: | 曼彻斯特 著 ;四川外国语大学 译 | |
| 分册: | 4 | |
| 出版信息: | 北京 中信出版社 2015.3 |
|
| 页数: | 592页 | |
| 开本: | 22cm | |
| 丛书名: | ||
| 单 册: | ||
| 中图分类: | K712.52 , K712.54 | |
| 科图分类: | ||
| 主题词: | 美国--mei guo--现代史--1932-1972 , 现代史--xian dai shi | |
| 电子资源: | ||
| ISBN: | 978-7-5086-4998-6 | |
| 000 | 01466nam0 22003011 450 | |
| 001 | 0102164832 | |
| 005 | 20170503082121.84 | |
| 010 | @a978-7-5086-4998-6@b精装@dCNY72.00 | |
| 100 | @a20150402d2015 em y0chiy50 ea | |
| 101 | 1 | @achi@ceng |
| 102 | @aCN@b110000 | |
| 105 | @ay z 000yy | |
| 106 | @ar | |
| 200 | 1 | @a光荣与梦想@9guang rong yu meng xiang@dThe glory and the dream@dThe glory and the dream@e1932-1972年美国叙事史@ea narrative history of America,1932-1972@h4@e1961-1972@f(美)威廉·曼彻斯特(William Machester)著@g四川外国语大学翻译学院翻译组译@zeng |
| 210 | @a北京@c中信出版社@d2015.3 | |
| 215 | @a592页@d22cm | |
| 312 | @a书中附英文题名:The glory and the dream,ea narrative history of America,1932-1972 | |
| 330 | @a本册描写的是1961-1972年这一段美国历史。主要涉及60年代美国社会思潮、尼克松时代等。作者以新闻手法对这段时间内的美国历史做了全面、通俗的描写,在不知不觉中仿佛身临那个时代,既风趣好读,又帮助读者了解那一时代的美国风貌。 | |
| 510 | 1 | @aGlory and the dream@ea narrative history of America,1932-1972@zeng |
| 517 | 1 | @a1932-1972年美国叙事史@91932-1972nian mei guo xu shi shi |
| 606 | 0 | @a美国@9mei guo@x现代史@z1932-1972 |
| 606 | 0 | @a现代史@9xian dai shi |
| 690 | @aK712.52@v5 | |
| 690 | @aK712.54@v5 | |
| 701 | 0 | @c(美)@a曼彻斯特@9man che si te@c(Machester,William)@4著 |
| 712 | 02 | @a四川外国语大学@9si chuan wai guo yu da xue@b翻译学院@b翻译组@4译 |
| 801 | 0 | @aCN@b百万庄@c20170308 |
| 905 | @b1001554-9@dK712.52@e40:4@f6 | |
| 光荣与梦想=The glory and the dream=The glory and the dream:1932-1972年美国叙事史:a narrative history of America,1932-1972.4:1961-1972/(美)威廉·曼彻斯特(William Machester)著/四川外国语大学翻译学院翻译组译.-北京:中信出版社,2015.3 |
| 592页;22cm |
| ISBN 978-7-5086-4998-6(精装):CNY72.00 |
| 本册描写的是1961-1972年这一段美国历史。主要涉及60年代美国社会思潮、尼克松时代等。作者以新闻手法对这段时间内的美国历史做了全面、通俗的描写,在不知不觉中仿佛身临那个时代,既风趣好读,又帮助读者了解那一时代的美国风貌。 |
| ● |
| 相关链接 |
|
|
|
|
正题名:光荣与梦想
索取号:K712.52/40:4
 
预约/预借
| 序号 | 登录号 | 条形码 | 馆藏地/架位号 | 状态 | 备注 |
| 1 | 1001554 | 210015543 | 第二样本阅览室/ [索取号:K712.52/40:4] | 在馆 | |
| 2 | 1001555 | 210015552 | 教育系资料室/ [索取号:K712.52/40:4] | 在馆 | |
| 3 | 1001556 | 210015561 | 教育系资料室/ [索取号:K712.52/40:4] | 在馆 | |
| 4 | 1001557 | 210015570 | 教育系资料室/ [索取号:K712.52/40:4] | 在馆 | |
| 5 | 1001558 | 210015589 | 第二借阅区/ [索取号:K712.52/40:4] | 在馆 | |
| 6 | 1001559 | 210015598 | 第二借阅区/ [索取号:K712.52/40:4] | 在馆 |